[Event "Santa Eugenia op 17th"]
[Site "Santa Eugenia"]
[Date "2023.08.02"]
[Round "5"]
[White "Balague Canadell, Jordi"]
[Black "Diaz Rendon, Nicoll"]
[Result "1-0"]
[WhiteElo "1950"]
[BlackElo "1649"]
[PlyCount "127"]
[EventDate "2023.07.31"]
[EventType "swiss"]
[EventRounds "9"]
[EventCountry "ESP"]
[SourceTitle "CBM 215 Extra"]
[Source "ChessBase"]
[SourceDate "2023.09.30"]
[SourceVersion "1"]
[SourceVersionDate "2023.09.30"]
[SourceQuality "1"]

1. d4 Nf6 2. c4 e6 3. Nc3 d5 4. cxd5 exd5 5. Bg5 Nbd7 6. e3 c6 7. Bd3 Bd6 8. Nge2 Bc7 9. Bf4 0-0 10. Qc2 Re8 11. 0-0 Nf8 12. Nb5 cxb5 13. Qxc7 Qxc7 14. Bxc7 Ne6 15. Be5 Bd7 16. Nc3 b4 17. Nb5 Bxb5 18. Bxb5 Rec8 19. Bxf6 gxf6 20. Rac1 a6 21. Bd7 Rc4 22. b3 Rxc1 23. Rxc1 a5 24. Kf1 Kf8 25. Bxe6 fxe6 26. Rc7 Ra7 27. Rxh7 Ke8 28. h4 Ra6 29. Ke1 Kd8 30. Rxb7 Kc8 31. Rb5 Kd7 32. Kd2 a4 33. Rxb4 axb3 34. axb3 Ra2+ 35. Ke1 Ra1+ 36. Ke2 e5 37. dxe5 fxe5 38. e4 d4 39. Rb5 Kd6 40. Rd5+ Ke6 41. b4 Ra2+ 42. Kf3 Ra3+ 43. Kg4 Ra2 44. Kg3 Ra6 45. b5 Ra8 46. f3 Rg8+ 47. Kf2 Rh8 48. g3 Rc8 49. g4 Rc2+ 50. Kg3 Rc1 51. h5 Rd1 52. Kf2 Rd2+ 53. Ke1 Rd3 54. Ke2 Re3+ 55. Kf2 Rd3 56. h6 Rd2+ 57. Ke1 Rh2 58. Rc5 Kf6 59. b6 Kg5 60. b7 Kf4 61. b8Q Ke3 62. Qb3+ d3 63. Kf1 Rd2 64. Rd5 1-0

[Event "Sant Andreu Tram-B"]
[Site "Barcelona"]
[Date "2019.11.16"]
[Round "8"]
[White "Dartmann Aubanell, Catriona"]
[Black "Diaz Rendon, Nicoll"]
[Result "1/2-1/2"]
[WhiteElo "1829"]
[BlackElo "1666"]
[PlyCount "135"]
[EventDate "2019.09.14"]
[EventType "tourn"]
[EventRounds "9"]
[EventCountry "ESP"]
[SourceTitle "CBM 195 Extra"]
[Source "ChessBase"]
[SourceDate "2020.05.31"]
[SourceVersion "1"]
[SourceVersionDate "2020.05.31"]
[SourceQuality "1"]

1. e4 c5 2. Nf3 Nc6 3. c3 Nf6 4. e5 Nd5 5. d4 cxd4 6. cxd4 d6 7. Bc4 Nb6 8. Bb5 Bd7 9. Nc3 e6 10. 0-0 Nb4 11. Be2 Be7 12. Bf4 N4d5 13. Nxd5 Nxd5 14. Bg3 dxe5 15. dxe5 0-0 16. Bc4 Bc6 17. Nd4 Qb6 18. Nxc6 bxc6 19. Qe2 Rab8 20. Bb3 a5 21. Rac1 Rb7 22. Kh1 c5 23. Bc2 Rd8 24. f4 Nb4 25. Bb1 Rbd7 26. Rfd1 Rxd1+ 27. Rxd1 Rxd1+ 28. Qxd1 Nd5 29. Qd3 g6 30. b3 Qb4 31. f5 gxf5 32. Bf2 Qc3 33. Qd1 Qxe5 34. Bg3 Qd4 35. Qe1 Qe3 36. Qxe3 Nxe3 37. Bc7 c4 38. Bxa5 cxb3 39. axb3 Nd5 40. Bd3 Bb4 41. Bd8 Kf8 42. Bh4 Nc7 43. Bd8 Nd5 44. Bh4 Be7 45. Be1 Ke8 46. Bb5+ Kd8 47. Ba5+ Nc7 48. Kg1 Bb4 49. Bxc7+ Kxc7 50. Kf2 Kd6 51. Kf3 Ke5 52. Bd3 Kd4 53. Bc4 Ke5 54. Bd3 f6 55. g4 fxg4+ 56. Kxg4 h6 57. Bc4 f5+ 58. Kf3 Kf6 59. Ke3 e5 60. Bd5 Kg5 61. Kf3 Bd2 62. Bc6 f4 63. h3 Kf6 64. Bd5 Ke7 65. Be4 Kd6 66. Bb7 Kc5 67. Be4 Kd4 68. Bc6 1/2-1/2

[Event "Sant Andreu Tram-B"]
[Site "Barcelona"]
[Date "2019.11.09"]
[Round "7"]
[White "Franzoni Ladron, Enric"]
[Black "Diaz Rendon, Nicoll"]
[Result "1/2-1/2"]
[WhiteElo "1743"]
[BlackElo "1666"]
[PlyCount "70"]
[EventDate "2019.09.14"]
[EventType "tourn"]
[EventRounds "9"]
[EventCountry "ESP"]
[SourceTitle "CBM 195 Extra"]
[Source "ChessBase"]
[SourceDate "2020.05.31"]
[SourceVersion "1"]
[SourceVersionDate "2020.05.31"]
[SourceQuality "1"]

1. e4 c5 2. Nf3 Nc6 3. d4 cxd4 4. Nxd4 g6 5. Be3 Bg7 6. Be2 Nf6 7. f3 0-0 8. c4 d6 9. Qd2 Nxd4 10. Bxd4 Be6 11. 0-0 a6 12. Nc3 Qa5 13. Rab1 Rac8 14. b4 Qd8 15. Nd5 Bxd5 16. exd5 Nd7 17. Bxg7 Kxg7 18. Rfc1 Rc7 19. Rb3 Nf6 20. Re3 Qd7 21. Qd4 b5 22. Re1 bxc4 23. Bxc4 Qc8 24. Bb3 Qb7 25. g4 Kg8 26. Kg2 Rfc8 27. Kg3 Re8 28. h4 Qa7 29. Qf4 Qb7 30. Kh3 Nxd5 31. Bxd5 Qxd5 32. a3 Qd2 33. R1e2 Qc1 34. Re1 Qd2 35. R1e2 Qc1 1/2-1/2

[Event "Sant Andreu Tram-B"]
[Site "Barcelona"]
[Date "2019.10.05"]
[Round "3"]
[White "Pera Muntasell, Marc"]
[Black "Diaz Rendon, Nicoll"]
[Result "1-0"]
[WhiteElo "2024"]
[BlackElo "1666"]
[PlyCount "215"]
[EventDate "2019.09.14"]
[EventType "tourn"]
[EventRounds "9"]
[EventCountry "ESP"]
[SourceTitle "CBM 195 Extra"]
[Source "ChessBase"]
[SourceDate "2020.05.31"]
[SourceVersion "1"]
[SourceVersionDate "2020.05.31"]
[SourceQuality "1"]

1. e4 c5 2. Nf3 Nc6 3. d4 cxd4 4. Nxd4 g6 5. c4 Nf6 6. Nc3 Nxd4 7. Qxd4 d6 8. Be2 Bg7 9. Be3 0-0 10. Qd3 Be6 11. 0-0 Qa5 12. Bd4 Rfc8 13. b3 Nd7 14. Bxg7 Kxg7 15. f4 Nf6 16. f5 Bd7 17. g4 g5 18. Kg2 Qe5 19. h4 Bc6 20. Bf3 Qf4 21. Kh3 gxh4 22. Rg1 Nd7 23. Raf1 Ne5 24. Qd4 f6 25. Be2 Qg5 26. Nd1 Rg8 27. Ne3 Kh8 28. b4 a6 29. Ng2 Nxg4 30. Nxh4 Qe3+ 31. Qxe3 Nxe3 32. Rxg8+ Rxg8 33. Rf4 Nc2 34. b5 axb5 35. cxb5 Nd4 36. Bc4 Nxb5 37. Bxg8 Kxg8 38. Nf3 Nc3 39. Nd2 Nxa2 40. Rg4+ Kf7 41. Rh4 Kg7 42. Rg4+ Kf7 43. Kg3 Nc3 44. Rh4 Kg7 45. Rg4+ Kf7 46. Rh4 Kg7 47. Kf2 d5 48. exd5 Nxd5 49. Nf3 Bd7 50. Nd4 Nc7 51. Re4 Nd5 52. Rg4+ Kf7 53. Rh4 Kg8 54. Ke2 Kg7 55. Kd3 b5 56. Rg4+ Kh6 57. Rg8 Nb6 58. Ke4 Nc8 59. Kf4 b4 60. Rd8 Nb6 61. Rb8 Nd5+ 62. Ke4 Nc3+ 63. Kf4 Nd5+ 64. Kf3 Kg5 65. Rg8+ Kh6 66. Rd8 Nb6 67. Kg4 Ba4 68. Rb8 Nd5 69. Rb7 Bd1+ 70. Kh4 Ne3 71. Rxb4 Nc2 72. Nxc2 Bxc2 73. Kg4 Kg7 74. Rb5 Bd1+ 75. Kf4 h5 76. Rb7 Kf7 77. Rb8 Bg4 78. Ke4 Bh3 79. Rh8 Bg4 80. Rh7+ Ke8 81. Kd5 Kd7 82. Ke4 Kd6 83. Rh8 e6 84. fxe6 Kxe6 85. Rd8 f5+ 86. Kf4 h4 87. Rd2 h3 88. Rd8 Kf7 89. Rd6 Kg7 90. Kg5 Kf7 91. Rh6 Ke7 92. Kf4 Kf7 93. Kg5 Ke7 94. Rb6 Kd7 95. Kf4 Kc7 96. Rh6 Kd7 97. Ke5 f4 98. Rh7+ Kc6 99. Kxf4 Be6 100. Ke5 Bg4 101. Kd4 Kd6 102. Rh6+ Be6 103. Rg6 Ke7 104. Ke5 Bd7 105. Rg7+ Kd8 106. Kd6 Be8 107. Ra7 Bd7 108. Rxd7+ 1-0

[Event "Barbera del Valles op 42nd"]
[Site "Barbera del Valles"]
[Date "2019.07.12"]
[Round "9"]
[White "Diaz Rendon, Nicoll"]
[Black "Gupta, Rajesh RS"]
[Result "1/2-1/2"]
[WhiteElo "1764"]
[BlackElo "1626"]
[PlyCount "80"]
[EventDate "2019.07.04"]
[EventType "swiss"]
[EventRounds "9"]
[EventCountry "ESP"]
[SourceTitle "EXT 2020"]
[Source "ChessBase"]
[SourceDate "2019.10.17"]
[SourceVersion "1"]
[SourceVersionDate "2019.10.17"]
[SourceQuality "1"]

1. e4 c5 2. Nf3 d6 3. c3 Nf6 4. Bd3 e5 5. h3 Be7 6. 0-0 0-0 7. Re1 Nc6 8. a3 a5 9. Bc2 c4 10. d4 b5 11. Nbd2 a4 12. Qe2 Re8 13. Nf1 h6 14. Ng3 Bf8 15. dxe5 dxe5 16. Rd1 Qc7 17. Nh4 Ne7 18. Qf3 Qc6 19. Be3 g6 20. Rd2 Kh7 21. Rad1 Neg8 22. Nf1 Bb7 23. g4 Kg7 24. Ng3 Bc8 25. Ng2 Be6 26. Bxh6+ Nxh6 27. g5 Nhg8 28. gxf6+ Nxf6 29. Ne3 Bxh3 30. Ngf5+ Bxf5 31. Nxf5+ gxf5 32. Qg3+ Kh8 33. f3 f4 34. Rh2+ Nh7 35. Qh3 Qg6+ 36. Kh1 Bc5 37. Rg2 Qf6 38. Rh2 Qg6 39. Rg2 Qf6 40. Rh2 Qg6 1/2-1/2

[Event "Barbera del Valles op 42nd"]
[Site "Barbera del Valles"]
[Date "2019.07.06"]
[Round "3"]
[White "Diaz Rendon, Nicoll"]
[Black "Ojeda Lago, Ariadna"]
[Result "0-1"]
[WhiteElo "1764"]
[BlackElo "2067"]
[PlyCount "78"]
[EventDate "2019.07.04"]
[EventType "swiss"]
[EventRounds "9"]
[EventCountry "ESP"]
[SourceTitle "CBM 191 Extra"]
[Source "ChessBase"]
[SourceDate "2019.09.30"]
[SourceVersion "1"]
[SourceVersionDate "2019.09.30"]
[SourceQuality "1"]

1. e4 e5 2. Nf3 Nc6 3. Bc4 Nf6 4. d3 Be7 5. Bb3 d6 6. c3 0-0 7. 0-0 Na5 8. Bc2 c5 9. Nbd2 Nc6 10. Re1 Re8 11. Nf1 Bf8 12. h3 d5 13. exd5 Nxd5 14. Ne3 Nf4 15. Nc4 Ng6 16. Ba4 f6 17. Bxc6 bxc6 18. Be3 Be6 19. Na3 Qd7 20. d4 cxd4 21. cxd4 e4 22. Nd2 f5 23. Ndc4 f4 24. Bc1 Qf7 25. Ne5 Nxe5 26. dxe5 Rad8 27. Qe2 Bb4 28. Rd1 f3 29. Qf1 Rxd1 30. Qxd1 Qg6 31. g3 Bc5 32. Bf4 Bxh3 33. Nc4 Qh5 34. Qb3 Kh8 35. Ne3 Bxe3 36. fxe3 g5 37. Bxg5 Qxg5 38. Kf2 Be6 39. Qc3 Qh5 0-1

[Event "Barbera del Valles op 42nd"]
[Site "Barbera del Valles"]
[Date "2019.07.04"]
[Round "1"]
[White "Diaz Rendon, Nicoll"]
[Black "Lacrosse, Marc"]
[Result "0-1"]
[WhiteElo "1764"]
[BlackElo "2189"]
[PlyCount "104"]
[EventDate "2019.07.04"]
[EventType "swiss"]
[EventRounds "9"]
[EventCountry "ESP"]
[SourceTitle "CBM 191 Extra"]
[Source "ChessBase"]
[SourceDate "2019.09.30"]
[SourceVersion "1"]
[SourceVersionDate "2019.09.30"]
[SourceQuality "1"]

1. e4 e5 2. Nf3 Nc6 3. Bc4 Bc5 4. c3 Nf6 5. d3 a6 6. Bb3 Ba7 7. Nbd2 0-0 8. 0-0 d6 9. Re1 h6 10. Nf1 Re8 11. Ng3 Be6 12. Bc2 d5 13. exd5 Bxd5 14. Nf5 Ng4 15. d4 exd4 16. Rxe8+ Qxe8 17. N3xd4 Nxd4 18. cxd4 Be4 19. Nxg7 Bxc2 20. Nxe8 Bxd1 21. Nxc7 Rc8 22. Bf4 Ba4 23. h3 Nf6 24. d5 Bb8 25. d6 Bxc7 26. dxc7 Nd5 27. Bxh6 Rxc7 28. b3 Bd7 29. Rd1 Be6 30. Bg5 Kg7 31. Rd2 Kg6 32. Bh4 Nb4 33. a3 Nc2 34. Rd3 Nxa3 35. Rg3+ Kf5 36. Rg5+ Ke4 37. Bg3 Rc1+ 38. Kh2 Bxb3 39. Re5+ Kd3 40. Re3+ Kc2 41. h4 Nc4 42. Re7 Nd2 43. Bf4 Nf1+ 44. Kh3 Rd1 45. Rc7+ Kd3 46. Rxb7 Be6+ 47. g4 Ke2 48. Rb2+ Kf3 49. h5 Kxf4 50. Rb4+ Kf3 51. h6 Ne3 52. Kh4 f6 0-1

[Event "Llinars del Valles op-A 13th"]
[Site "Llinars del Valles"]
[Date "2019.06.15"]
[Round "8"]
[White "Diaz Rendon, Nicoll"]
[Black "Xifra Tome, Bernat"]
[Result "1-0"]
[WhiteElo "1691"]
[BlackElo "1771"]
[PlyCount "67"]
[EventDate "2019.03.30"]
[EventType "swiss"]
[EventRounds "8"]
[EventCountry "ESP"]
[SourceTitle "EXT 2020"]
[Source "ChessBase"]
[SourceDate "2019.10.17"]
[SourceVersion "1"]
[SourceVersionDate "2019.10.17"]
[SourceQuality "1"]

1. e4 e6 2. d4 d5 3. exd5 exd5 4. Nf3 Bd6 5. Nc3 c6 6. Be3 Ne7 7. Qd2 Qc7 8. h3 0-0 9. Bd3 Bf5 10. g4 Bxd3 11. Qxd3 Ng6 12. Ne2 Nd7 13. h4 Rfe8 14. 0-0-0 Nf6 15. Rdg1 Nf4 16. Nxf4 Bxf4 17. Kb1 Ne4 18. Ng5 Bxe3 19. fxe3 f6 20. Nxe4 Rxe4 21. g5 Qe7 22. gxf6 Qxf6 23. Rf1 Qe6 24. Rf3 Re8 25. Rhh3 h5 26. a3 Qe7 27. Rf4 Rxe3 28. Rxe3 Qxe3 29. Qg6 Re6 30. Qf7+ Kh8 31. Qxh5+ Rh6 32. Rf8+ Kh7 33. Qf5+ Rg6 34. h5 1-0

[Event "Barcelona Sant Marti op-B 20th"]
[Site "Barcelona"]
[Date "2018.07.17"]
[Round "5"]
[White "Costa Trave, Jaume"]
[Black "Diaz Rendon, Nicoll"]
[Result "1-0"]
[WhiteElo "1862"]
[BlackElo "1760"]
[PlyCount "101"]
[EventDate "2018.07.13"]
[EventType "swiss"]
[EventRounds "9"]
[EventCountry "ESP"]
[SourceTitle "EXT 2019"]
[Source "ChessBase"]
[SourceDate "2018.10.10"]
[SourceVersion "1"]
[SourceVersionDate "2018.10.10"]
[SourceQuality "1"]

1. d4 Nf6 2. Nc3 e6 3. e4 d5 4. e5 Nfd7 5. f4 a6 6. Be3 c5 7. Nf3 Qb6 8. Na4 Qa5+ 9. c3 c4 10. b4 cxb3 11. axb3 Qc7 12. b4 a5 13. b5 Nb6 14. Nc5 N8d7 15. Nd3 Nc4 16. Bf2 Ndb6 17. Be2 Bd7 18. 0-0 Bxb5 19. Qb3 Ba6 20. Rfb1 a4 21. Rxa4 Nxa4 22. Qxa4+ Qc6 23. Qa2 Be7 24. Nc5 0-0 25. h3 Bxc5 26. dxc5 Na3 27. Nd4 Qc8 28. Qxa3 Bxe2 29. Qb4 Ba6 30. Nb3 Qc7 31. Bd4 Bd3 32. Rb2 Rfb8 33. Kh2 Ra6 34. Kg3 Bf5 35. Kh2 h5 36. Kg3 Rba8 37. Nd2 Ra2 38. Nf3 Rxb2 39. Qxb2 Bd3 40. Kh4 Bc4 41. g4 hxg4 42. hxg4 Ra2 43. Qb1 Qc8 44. Kg3 Qa8 45. Qb6 Bf1 46. f5 exf5 47. gxf5 Ra6 48. Qc7 Rc6 49. Qd7 Bc4 50. e6 fxe6 51. Qxg7# 1-0

[Event "Barcelona Sant Marti op-B 20th"]
[Site "Barcelona"]
[Date "2018.07.16"]
[Round "4"]
[White "Diaz Rendon, Nicoll"]
[Black "Peter, Louis Alexis"]
[Result "1-0"]
[WhiteElo "1760"]
[BlackElo "1558"]
[PlyCount "81"]
[EventDate "2018.07.13"]
[EventType "swiss"]
[EventRounds "9"]
[EventCountry "ESP"]
[SourceTitle "EXT 2019"]
[Source "ChessBase"]
[SourceDate "2018.10.10"]
[SourceVersion "1"]
[SourceVersionDate "2018.10.10"]
[SourceQuality "1"]

1. e4 c5 2. Nf3 e6 3. d4 cxd4 4. Nxd4 Nf6 5. Nc3 Nc6 6. Be3 Bb4 7. Nxc6 bxc6 8. a3 Bxc3+ 9. bxc3 Nxe4 10. Qg4 Nf6 11. Qxg7 Rg8 12. Qh6 Rg6 13. Qh3 Qa5 14. Bd2 Qe5+ 15. Qe3 Qxe3+ 16. Bxe3 Nd5 17. Bd2 Rb8 18. g3 d6 19. Bg2 Ba6 20. Be3 Rb7 21. Kd2 Kd7 22. Bxd5 cxd5 23. Rab1 Rc7 24. Rb8 e5 25. Rhb1 Rg4 26. R1b4 Bc4 27. R8b7 a6 28. Rxc7+ Kxc7 29. Ba7 Re4 30. Be3 f5 31. f3 Rxe3 32. Kxe3 Kc6 33. Rb8 Kc5 34. Rc8+ Kb5 35. Rh8 Ka4 36. Rxh7 Kxa3 37. Rb7 Bb5 38. Rb6 Kb2 39. Kd2 e4 40. fxe4 fxe4 41. h4 1-0

[Event "Barcelona Sant Marti op-B 20th"]
[Site "Barcelona"]
[Date "2018.07.15"]
[Round "3"]
[White "Nadal Fajardo, Ricard"]
[Black "Diaz Rendon, Nicoll"]
[Result "1-0"]
[WhiteElo "1894"]
[BlackElo "1760"]
[PlyCount "105"]
[EventDate "2018.07.13"]
[EventType "swiss"]
[EventRounds "9"]
[EventCountry "ESP"]
[SourceTitle "EXT 2019"]
[Source "ChessBase"]
[SourceDate "2018.10.10"]
[SourceVersion "1"]
[SourceVersionDate "2018.10.10"]
[SourceQuality "1"]

1. c4 e5 2. Nc3 c5 3. g3 g6 4. Bg2 Bg7 5. e3 Nc6 6. Nge2 Nge7 7. Nd5 Nxd5 8. cxd5 Nb4 9. d3 d6 10. a3 Na6 11. 0-0 0-0 12. Rb1 Bd7 13. b3 Nc7 14. Bb2 Bb5 15. f4 Qe7 16. e4 Rae8 17. f5 Qg5 18. Bc1 Qe7 19. Be3 h6 20. Qd2 g5 21. g4 f6 22. b4 b6 23. Nc3 Bd7 24. bxc5 dxc5 25. Rfc1 Ra8 26. a4 Rfc8 27. Qa2 Na6 28. d6+ Qf7 29. Nd5 Kh8 30. Qc4 Nb4 31. Nxb6 Qxc4 32. Nxc4 Bxa4 33. Bf1 Bc2 34. Rxb4 cxb4 35. Rxc2 a5 36. d7 Rd8 37. Nb6 b3 38. Rb2 Rab8 39. Rxb3 Rxd7 40. Ra3 Rdb7 41. Nc4 Bf8 42. Rxa5 Kg7 43. d4 exd4 44. Bxd4 Rd7 45. Be3 Re8 46. e5 fxe5 47. Nxe5 Rd6 48. Nc4 Rd7 49. Ra6 Kh7 50. Rc6 Re4 51. h3 Rde7 52. f6 Rf7 53. Bd3 1-0

[Event "Barcelona Sant Marti op-B 20th"]
[Site "Barcelona"]
[Date "2018.07.13"]
[Round "1"]
[White "Morales Rubiella, Albert"]
[Black "Diaz Rendon, Nicoll"]
[Result "0-1"]
[WhiteElo "1396"]
[BlackElo "1760"]
[PlyCount "96"]
[EventDate "2018.07.13"]
[EventType "swiss"]
[EventRounds "9"]
[EventCountry "ESP"]
[SourceTitle "EXT 2019"]
[Source "ChessBase"]
[SourceDate "2018.10.10"]
[SourceVersion "1"]
[SourceVersionDate "2018.10.10"]
[SourceQuality "1"]

1. e4 c5 2. Nf3 Nc6 3. d4 cxd4 4. Nxd4 g6 5. Be3 Bg7 6. Be2 Nf6 7. Nc3 0-0 8. 0-0 d6 9. Qd2 a6 10. h3 Bd7 11. Rad1 Rc8 12. f4 Nxd4 13. Bxd4 Be6 14. f5 Bc4 15. fxg6 fxg6 16. e5 dxe5 17. Bxe5 Qa5 18. Bxc4+ Rxc4 19. Bxf6 exf6 20. Qd5+ Qxd5 21. Rxd5 f5 22. Rd3 Re8 23. Rfd1 Bxc3 24. Rxc3 Rxc3 25. bxc3 Re2 26. Rd8+ Kf7 27. Rd7+ Re7 28. Rxe7+ Kxe7 29. Kf2 Kd6 30. Ke3 Kd5 31. Kd3 b5 32. g3 g5 33. c4+ bxc4+ 34. Ke3 Ke5 35. c3 f4+ 36. gxf4+ gxf4+ 37. Kf3 h5 38. a3 a5 39. a4 Kf5 40. h4 Ke5 41. Kf2 Ke4 42. Ke2 f3+ 43. Kd2 f2 44. Ke2 f1Q+ 45. Kxf1 Kd3 46. Kf2 Kxc3 47. Ke3 Kb2 48. Kf4 c3 0-1

[Event "Valles Occidental-ch U14 prel"]
[Site "various"]
[Date "2015.02.28"]
[Round "5.1"]
[White "Herrera Galera, Gerard"]
[Black "Diaz Rendon, Nicoll"]
[Result "1-0"]
[WhiteElo "1869"]
[BlackElo "1757"]
[PlyCount "45"]
[EventDate "2015.01.31"]
[EventType "swiss"]
[EventRounds "6"]
[EventCountry "ESP"]
[SourceTitle "EXT 2024"]
[Source "ChessBase"]
[SourceDate "2023.10.10"]
[SourceVersion "1"]
[SourceVersionDate "2023.10.10"]
[SourceQuality "1"]

1. d4 d5 2. Nf3 Nf6 3. Bg5 Ne4 4. Bf4 g6 5. Nbd2 Bg7 6. e3 Bg4 7. Be2 Bf5 8. Bd3 Nd7 9. Bxe4 Bxe4 10. Nxe4 dxe4 11. Ng5 e5 12. dxe5 Qe7 13. 0-0 Nxe5 14. Qd5 0-0 15. Qxe4 Bf6 16. Nh3 g5 17. Bxe5 Bxe5 18. f4 f5 19. Qxe5 Qf7 20. Nxg5 Qg6 21. Qe6+ Qxe6 22. Nxe6 Rfe8 23. Nxc7 1-0

[Event "Valles Occidental-ch U14 prel"]
[Site "various"]
[Date "2015.02.07"]
[Round "2.3"]
[White "Diaz Rendon, Nicoll"]
[Black "Melero Escude, Marti"]
[Result "1-0"]
[WhiteElo "1757"]
[BlackElo "1815"]
[PlyCount "39"]
[EventDate "2015.01.31"]
[EventType "swiss"]
[EventRounds "6"]
[EventCountry "ESP"]
[SourceTitle "EXT 2024"]
[Source "ChessBase"]
[SourceDate "2023.10.10"]
[SourceVersion "1"]
[SourceVersionDate "2023.10.10"]
[SourceQuality "1"]

1. c4 e5 2. g3 d5 3. Bg2 dxc4 4. Qa4+ Bd7 5. Qxc4 Nc6 6. Nc3 Nge7 7. d3 g6 8. e4 Nd4 9. Nd5 Nxd5 10. exd5 a5 11. Be3 Bb5 12. Qc1 Bxd3 13. Bxd4 Bb4+ 14. Bc3 Bxc3+ 15. Qxc3 Qg5 16. Qxd3 0-0 17. Nf3 Qf6 18. 0-0 Rad8 19. Qc4 e4 20. Qxe4 1-0

[Event "Valles Occidental-ch U10 qual"]
[Site "Sabadell"]
[Date "2012.02.25"]
[Round "5.3"]
[White "Martinez Perez, Sergio"]
[Black "Diaz Rendon, Nicoll"]
[Result "1-0"]
[WhiteElo "1763"]
[BlackElo "1700"]
[PlyCount "49"]
[EventDate "2012.01.28"]
[EventType "swiss"]
[EventRounds "6"]
[EventCountry "ESP"]
[SourceTitle "EXT 2024"]
[Source "ChessBase"]
[SourceDate "2023.10.10"]
[SourceVersion "1"]
[SourceVersionDate "2023.10.10"]
[SourceQuality "1"]

1. e4 e6 2. d4 d5 3. e5 c5 4. c3 Nc6 5. Nf3 Qb6 6. a3 Nh6 7. b4 c4 8. Be2 Bd7 9. 0-0 Be7 10. Bf4 0-0 11. Qd2 Rac8 12. Bxh6 gxh6 13. Qxh6 Rfe8 14. Ng5 Bxg5 15. Qxg5+ Kf8 16. Qh6+ Kg8 17. Qf6 a5 18. Bh5 Rf8 19. Re1 axb4 20. axb4 Qd8 21. Re3 Qxf6 22. exf6 Rfd8 23. Rg3+ Kf8 24. Rg7 Ke8 25. Rg8# 1-0